Hospital Administration and Planning (Record no. 153696)

MARC details
000 -LEADER
fixed length control field 00353nam a2200133Ia 4500
008 - FIXED-LENGTH DATA ELEMENTS--GENERAL INFORMATION
fixed length control field 230411s9999 xx 000 0 und d
041 ## - LANGUAGE CODE
Language code of text/sound track or separate title eng
082 ## - DEWEY DECIMAL CLASSIFICATION NUMBER
Classification number AD/610.6/CHA/B02512
100 ## - MAIN ENTRY--PERSONAL NAME
Personal name Chandorkar AG
245 ## - TITLE STATEMENT
Title Hospital Administration and Planning
260 ## - PUBLICATION, DISTRIBUTION, ETC. (IMPRINT)
Name of publisher, distributor, etc. Paras Publishing
Place of publication, distribution, etc. Hyderabad
Date of publication, distribution, etc. 2003
300 ## - PHYSICAL DESCRIPTION
Extent 412p
Holdings
Withdrawn status Lost status Damaged status Not for loan Collection code Home library Current library Date acquired Vendor Cost, normal purchase price Bill number Total Checkouts Full call number Barcode Date last seen Cost, replacement price Bill Date Koha item type Original Barcode
          Smt. Bakul Tambat Institute of Nursing Education Smt. Bakul Tambat Institute of Nursing Education 15/07/2005 S.K.Kothari,Pune. 175.00 9110   AD 610.6 CHA B02512 BTIN-BK-2512 11/04/2023 131.00 15/07/2005 Books B02512